000
00282nam a22001337a 4500
003
SGT
082
_a
617.51, H13K
100
_a
KIRTANE, MILIND V.
245
_a
HEAD AND NECK SURGERY
260
_a
INDIA
_b
THIEME PUB.
_c
2013
300
_a
477
650
_a
SURGERY
942
_2
ddc
_c
BK
999
_c
8404
_d
8404